000 00651nam a2200265Ia 4500
005 20260121165302.0
008 008 260114s9999 xx 000 0 eng d
020 _a9783319216416
037 _aEBOOK
040 _aCRL
040 _beng
040 _cCRL
041 _2eng
041 _aeng
084 _qCRL
100 _aSamuel O. Idowu
_91049817
245 0 _aKey Initiatives in Corporate Social Responsibility
260 _bSpringer
260 _bSpringer
260 _c2016
856 _uhttps://link.springer.com/openurl?genre=book&isbn=978-3-319-21641-6
942 _cEBOOK
999 _c1615542
_d1615542